[Event "FIN-chT 2223"]
[Site "Finland"]
[Date "2022.10.15"]
[Round "3.5"]
[White "Sorsa, Nuutti"]
[Black "Pelto, Juho"]
[Result "1-0"]
[WhiteElo "2186"]
[BlackElo "2071"]
[PlyCount "53"]
[EventDate "2022.09.24"]
[EventType "team-tourn"]
[EventRounds "11"]
[EventCountry "FIN"]
[SourceTitle "EXT 2024"]
[Source "ChessBase"]
[SourceDate "2023.10.10"]
[SourceVersion "1"]
[SourceVersionDate "2023.10.10"]
[SourceQuality "1"]
[WhiteTeam "Turku TuTS"]
[BlackTeam "Salo SalSK"]
[WhiteTeamCountry "FIN"]
[BlackTeamCountry "FIN"]

1. Nf3 d5 2. d4 c5 3. g3 Nc6 4. Bg2 Nf6 5. 0-0 e6 6. c3 Bd6 7. Bf4 Bxf4 8. gxf4 Qb6 9. Qb3 Qxb3 10. axb3 cxd4 11. cxd4 Bd7 12. Nc3 Ke7 13. e3 Rhc8 14. Ne5 g6 15. Nd3 b6 16. Rfd1 Na5 17. Ra3 Rc7 18. Rda1 Rac8 19. Ne5 Ra8 20. Bf1 Ne4 21. b4 Nc6 22. Nb5 Rb7 23. Nxc6+ Bxc6 24. Nxa7 Raxa7 25. Rxa7 Rxa7 26. Rxa7+ Kf6 27. Ra6 1-0

[Event "FIN-chT2 Gp3 1819"]
[Site "Finland"]
[Date "2018.11.10"]
[Round "3.2"]
[White "Keto Tokoi, Markko"]
[Black "Pelto, Juho"]
[Result "1-0"]
[WhiteElo "1898"]
[BlackElo "2063"]
[PlyCount "117"]
[EventDate "2018.09.15"]
[EventType "team-tourn"]
[EventRounds "6"]
[EventCountry "FIN"]
[SourceTitle "EXT 2020"]
[Source "ChessBase"]
[SourceDate "2019.10.17"]
[SourceVersion "1"]
[SourceVersionDate "2019.10.17"]
[SourceQuality "1"]
[WhiteTeam "Turku AS"]
[BlackTeam "Salo SalSK II"]
[WhiteTeamCountry "FIN"]
[BlackTeamCountry "FIN"]

1. d4 d5 2. Bf4 Nf6 3. e3 c5 4. c3 Nc6 5. Nd2 Bf5 6. Ngf3 Qb6 7. Nh4 Bg4 8. Qc2 Rc8 9. h3 Bd7 10. Nhf3 g6 11. Bd3 cxd4 12. cxd4 Nb4 13. Qb3 Nxd3+ 14. Qxd3 Qxb2 15. Rb1 Qc2 16. Qxc2 Rxc2 17. Rxb7 Rc1+ 18. Ke2 Rxh1 19. Rb8+ Bc8 20. Rxc8+ Kd7 21. Rc7+ Kd8 22. Ng5 Ke8 23. Rxa7 Bg7 24. Nb3 Ne4 25. Nxe4 dxe4 26. d5 f5 27. d6 Bf6 28. dxe7 Bxe7 29. Ra8+ Bd8 30. Bg5 Kd7 31. Bf4 Bf6 32. Ra7+ Ke8 33. Nc5 Rc1 34. Bd6 Rxc5 35. Bxc5 Rg8 36. Rxh7 Bg7 37. h4 Bf6 38. g3 Bg7 39. a4 Bc3 40. Bd4 Bxd4 41. exd4 Rf8 42. Ke3 Rf6 43. Ra7 Rb6 44. Kf4 Rb2 45. Ke5 Rxf2 46. Ke6 Kd8 47. Kd6 Kc8 48. a5 Rf3 49. a6 Kb8 50. Rb7+ Ka8 51. d5 Rxg3 52. Kc5 Rd3 53. Re7 e3 54. Kc4 Ra3 55. d6 Rxa6 56. d7 Rd6 57. Re8+ Kb7 58. d8Q Rxd8 59. Rxd8 1-0

[Event "FIN-chT 1718"]
[Site "Finland"]
[Date "2017.12.02"]
[Round "5.8"]
[White "Pelto, Juho"]
[Black "Kytoniemi, Jyrki"]
[Result "0-1"]
[WhiteElo "2069"]
[BlackElo "2204"]
[PlyCount "116"]
[EventDate "2017.09.16"]
[EventType "team-tourn"]
[EventRounds "11"]
[EventCountry "FIN"]
[SourceTitle "EXT 2019"]
[Source "ChessBase"]
[SourceDate "2018.10.10"]
[SourceVersion "1"]
[SourceVersionDate "2018.10.10"]
[SourceQuality "1"]
[WhiteTeam "Salo SalSK"]
[BlackTeam "Tampere Tammer"]
[WhiteTeamCountry "FIN"]
[BlackTeamCountry "FIN"]

1. e4 Nc6 2. Nf3 d6 3. d4 Nf6 4. d5 Nb8 5. Bd3 Nbd7 6. c4 Nc5 7. Nc3 Nxd3+ 8. Qxd3 g6 9. 0-0 Bg7 10. Be3 0-0 11. Rac1 c5 12. dxc6 bxc6 13. Rfd1 Qa5 14. b3 Nd7 15. Nd4 Bb7 16. f3 c5 17. Nde2 Rfc8 18. Qd2 Qd8 19. Nd5 Bxd5 20. Qxd5 Qa5 21. Rc2 Ne5 22. h3 Nc6 23. Bd2 Qb6 24. Qg5 Bf6 25. Qg3 Nd4 26. Nxd4 Bxd4+ 27. Kf1 a5 28. Bc3 e5 29. Bd2 a4 30. Bg5 axb3 31. axb3 Qxb3 32. Rcc1 Ra2 33. Rd2 Rxd2 34. Bxd2 Qd3+ 35. Ke1 Be3 36. Bxe3 Qxe3+ 37. Kd1 Ra8 38. Qe1 Qd4+ 39. Ke2 Ra2+ 40. Kf1 Rd2 41. h4 h5 42. Rb1 Kg7 43. Rc1 Kh7 44. Qg3 Qb2 45. Re1 Qc2 46. Kg1 Qxc4 47. Rb1 Qd4+ 48. Kh2 Rd1 49. Rxd1 Qxd1 50. Qg5 Kg7 51. Qe7 c4 52. f4 Qg4 53. Qxd6 Qxh4+ 54. Kg1 Qxf4 55. Qc6 Qe3+ 56. Kh2 c3 57. Qd5 Qf4+ 58. g3 Qd2+ 0-1

[Event "FIN-chT2 Gp1 1516"]
[Site "Finland"]
[Date "2016.01.09"]
[Round "5.1"]
[White "Lehtinen, Tero1111"]
[Black "Pelto, Juho"]
[Result "0-1"]
[WhiteElo "1971"]
[BlackElo "2067"]
[PlyCount "81"]
[EventDate "2015.09.12"]
[EventType "team-tourn"]
[EventRounds "6"]
[EventCountry "FIN"]
[SourceTitle "EXT 2017"]
[Source "ChessBase"]
[SourceDate "2016.10.25"]
[SourceVersion "1"]
[SourceVersionDate "2016.10.25"]
[SourceQuality "1"]
[WhiteTeam "Helsinki LauttSK II"]
[BlackTeam "Salo SalSK II"]
[WhiteTeamCountry "FIN"]
[BlackTeamCountry "FIN"]

1. d4 d5 2. Bf4 Nf6 3. Nd2 c5 4. e3 Nc6 5. c3 Bf5 6. Ngf3 e6 7. Nh4 Bg4 8. Nhf3 Qb6 9. Qb1 Bf5 10. dxc5 Bxc5 11. Bd3 Bxd3 12. Qxd3 Qxb2 13. 0-0 Qa3 14. Rfb1 Bb6 15. Rb3 Qe7 16. Bg5 0-0 17. e4 h6 18. Bxf6 Qxf6 19. exd5 exd5 20. Rab1 Rad8 21. Qc2 Rfe8 22. Nf1 Ne5 23. Nd4 Nc4 24. Rd1 Qe5 25. Ng3 g6 26. Nf3 Qf6 27. Rb5 Na3 28. Qb3 Nxb5 29. Qxb5 Qxc3 30. h3 Qc2 31. Rd2 Qc4 32. Qb2 d4 33. Rc2 Qd5 34. Rd2 d3 35. Qf6 Ba5 36. Rd1 d2 37. Nf1 Re1 38. Qa1 Rxd1 39. Qxd1 Qxa2 40. Ne3 Qb2 41. Qa4 0-1

[Event "Naantali op"]
[Site "Naantali"]
[Date "2015.06.29"]
[Round "1"]
[White "Riekkinen, Keijo"]
[Black "Pelto, Juho"]
[Result "0-1"]
[WhiteElo "1759"]
[BlackElo "2058"]
[PlyCount "100"]
[EventDate "2015.06.29"]
[EventType "swiss"]
[EventRounds "9"]
[EventCountry "FIN"]
[SourceTitle "EXT 2016"]
[Source "ChessBase"]
[SourceDate "2015.10.08"]
[SourceVersion "1"]
[SourceVersionDate "2015.10.08"]
[SourceQuality "1"]

1. c4 e5 2. Nc3 Nc6 3. g3 f5 4. Bg2 Nf6 5. d3 Bb4 6. Bd2 0-0 7. e3 a5 8. a4 d6 9. Nge2 Bc5 10. 0-0 Nb4 11. Be1 c6 12. d4 Bb6 13. Na2 Nxa2 14. Rxa2 Kh8 15. b3 Qe8 16. Bc3 e4 17. Qd2 d5 18. c5 Bc7 19. b4 axb4 20. Bxb4 g5 21. a5 Nh5 22. f4 exf3 23. Bxf3 Nf6 24. Nc3 f4 25. exf4 gxf4 26. gxf4 Bh3 27. Bg2 Bxg2 28. Kxg2 Ne4 29. Qe2 Qg6+ 30. Kh1 Rae8 31. Nxe4 Rxe4 32. Qg2 Rexf4 33. Raa1 Qxg2+ 34. Kxg2 Rxf1 35. Rxf1 Rxf1 36. Kxf1 Bxh2 37. Kg2 Bc7 38. Kf3 h5 39. Be1 Kg7 40. Kg2 Kg6 41. Kh3 Bd8 42. Kg3 Kf5 43. Kf3 Bc7 44. Bd2 h4 45. Bc3 h3 46. Bd2 h2 47. Kg2 Ke4 48. Bc3 Kd3 49. Ba1 Bxa5 50. Kxh2 Bc3 0-1

[Event "FIN-chT 1415"]
[Site "Finland"]
[Date "2015.02.08"]
[Round "8.8"]
[White "Pelto, Juho"]
[Black "Hintikka, Eero"]
[Result "0-1"]
[WhiteElo "2074"]
[BlackElo "2058"]
[PlyCount "44"]
[EventDate "2014.09.27"]
[EventType "team-tourn"]
[EventRounds "11"]
[EventCountry "FIN"]
[SourceTitle "EXT 2016"]
[Source "ChessBase"]
[SourceDate "2015.10.08"]
[SourceVersion "1"]
[SourceVersionDate "2015.10.08"]
[SourceQuality "1"]
[WhiteTeam "Salo SalSK"]
[BlackTeam "Jyvaskyla JyS"]
[WhiteTeamCountry "FIN"]
[BlackTeamCountry "FIN"]

1. e4 e5 2. Nf3 Nc6 3. d4 exd4 4. Nxd4 g6 5. Bc4 Bg7 6. Nxc6 bxc6 7. 0-0 d6 8. Nc3 Rb8 9. Qd3 Qh4 10. Be3 a5 11. Bb3 Nf6 12. f3 0-0 13. Ne2 Nd7 14. Qd2 Qe7 15. Qxa5 Bxb2 16. Rab1 Be5 17. Bd4 c5 18. Bxe5 Nxe5 19. Bxf7+ Qxf7 20. Rxb8 Nc6 21. Qa8 Nxb8 22. Qxb8 Ba6 0-1

[Event "Naantali op"]
[Site "Naantali"]
[Date "2014.07.04"]
[Round "7"]
[White "Nieminen, Markus"]
[Black "Pelto, Juho"]
[Result "0-1"]
[WhiteElo "1974"]
[BlackElo "2068"]
[PlyCount "38"]
[EventDate "2014.06.30"]
[EventType "swiss"]
[EventRounds "9"]
[EventCountry "FIN"]
[SourceTitle "CBM 161 Extra"]
[Source "ChessBase"]
[SourceDate "2014.08.29"]
[SourceVersion "1"]
[SourceVersionDate "2014.08.29"]
[SourceQuality "1"]

1. e4 c5 2. Nf3 Nc6 3. d4 cxd4 4. Nxd4 g6 5. Nc3 Bg7 6. Be3 Nf6 7. Bc4 0-0 8. Bb3 a5 9. f3 d5 10. Nxd5 Nxd5 11. Nxc6 bxc6 12. exd5 a4 13. Bc4 Bxb2 14. Rb1 Bc3+ 15. Ke2 Qc7 16. Bb6 Qe5+ 17. Kf2 Rb8 18. Ba7 Rxb1 19. Qxb1 Bd4+ 0-1

[Event "Naantali op"]
[Site "Naantali"]
[Date "2014.07.03"]
[Round "6"]
[White "Pelto, Juho"]
[Black "Linqvist, Grels"]
[Result "1/2-1/2"]
[WhiteElo "2068"]
[BlackElo "2036"]
[PlyCount "66"]
[EventDate "2014.06.30"]
[EventType "swiss"]
[EventRounds "9"]
[EventCountry "FIN"]
[SourceTitle "CBM 161 Extra"]
[Source "ChessBase"]
[SourceDate "2014.08.29"]
[SourceVersion "1"]
[SourceVersionDate "2014.08.29"]
[SourceQuality "1"]

1. e4 e6 2. d4 d5 3. Nd2 Nf6 4. e5 Nfd7 5. Bd3 c5 6. c3 Nc6 7. Ne2 cxd4 8. cxd4 f6 9. exf6 Nxf6 10. 0-0 Bd6 11. Nf3 0-0 12. Bf4 Bxf4 13. Nxf4 Ne4 14. Qc1 Ng5 15. Nxg5 Qxg5 16. Bxh7+ Kxh7 17. Nxe6 Qxc1 18. Nxf8+ Kg8 19. Raxc1 Kxf8 20. Rfe1 Bf5 21. f3 Rd8 22. g4 Nxd4 23. gxf5 Nxf3+ 24. Kf2 Nxe1 25. Kxe1 Rd7 26. Kd2 Kf7 27. Kd3 Kf6 28. Kd4 Kxf5 29. Rg1 g5 30. h3 Kf4 31. Rg4+ Kf5 32. Rg3 Kf4 33. Rg4+ Kf5 1/2-1/2

[Event "Helsinki-ch 2013 Group M"]
[Site "Helsinki"]
[Date "2013.01.01"]
[Round "5"]
[White "Pelto, Juho"]
[Black "Jarvenpaa, Jari"]
[Result "0-1"]
[WhiteElo "2036"]
[BlackElo "2278"]
[PlyCount "56"]
[EventDate "2012.12.27"]
[EventType "tourn"]
[EventRounds "9"]
[EventCountry "FIN"]
[SourceTitle "EXT 2022"]
[Source "ChessBase"]
[SourceDate "2021.10.06"]
[SourceVersion "1"]
[SourceVersionDate "2021.10.06"]
[SourceQuality "1"]

1. e4 c5 2. c3 Qa5 3. Nf3 Nc6 4. Na3 e6 5. Nc4 Qc7 6. Bd3 d5 7. exd5 exd5 8. Ne3 Nf6 9. 0-0 Be6 10. Bc2 d4 11. cxd4 cxd4 12. Nf5 0-0-0 13. Ng3 d3 14. Ba4 Bc5 15. a3 Bg4 16. Bxc6 bxc6 17. b4 Bd4 18. Rb1 h5 19. Re1 Rhe8 20. Nf1 Bxf3 21. gxf3 Rxe1 22. Qxe1 Re8 23. Ne3 Qf4 24. Qf1 Re5 25. Qxd3 Qxf3 26. Qxd4 Rg5+ 27. Kf1 Ne4 28. Ng2 Rxg2 0-1

[Event "Helsinki-ch 2013 Group M"]
[Site "Helsinki"]
[Date "2012.12.30"]
[Round "4"]
[White "Hurme, Harri M"]
[Black "Pelto, Juho"]
[Result "0-1"]
[WhiteElo "2203"]
[BlackElo "2036"]
[PlyCount "86"]
[EventDate "2012.12.27"]
[EventType "tourn"]
[EventRounds "9"]
[EventCountry "FIN"]
[SourceTitle "EXT 2022"]
[Source "ChessBase"]
[SourceDate "2021.10.06"]
[SourceVersion "1"]
[SourceVersionDate "2021.10.06"]
[SourceQuality "1"]

1. d4 d5 2. c4 e6 3. Nc3 c5 4. cxd5 cxd4 5. Qa4+ Bd7 6. Qxd4 exd5 7. Qxd5 Nc6 8. Nf3 Nf6 9. Qd1 Qb6 10. e3 0-0-0 11. Be2 Bh3 12. Bd2 Bxg2 13. Rg1 Bxf3 14. Bxf3 Ne5 15. Be2 Kb8 16. a3 Qe6 17. Qa4 Qh3 18. Nb5 a6 19. Qf4 axb5 20. Qxe5+ Bd6 21. Qxb5 Ne4 22. Rxg7 Nxd2 23. Rxf7 Bc7 24. Rc1 Qxh2 25. Bd3 Nf3+ 26. Ke2 Rxd3 27. Rcxc7 Rd2+ 28. Kxf3 Qxf2+ 29. Ke4 Qg2+ 30. Rf3 Qg6+ 31. Qf5 Re8+ 32. Kf4 Qxf5+ 33. Kxf5 Kxc7 34. Rh3 Rf2+ 35. Kg5 Re7 36. b4 Re2 37. Kf4 Rf2+ 38. Kg5 Rg7+ 39. Kh6 Rgf7 40. e4 R2f3 41. Rxf3 Rxf3 42. Kxh7 Rxa3 43. Kg6 Kd6 0-1

[Event "FIN Team Cup"]
[Site "Finland"]
[Date "2012.09.15"]
[Round "5.8"]
[White "Pelto, Juho"]
[Black "Verkasalo, Tommi"]
[Result "0-1"]
[WhiteElo "2038"]
[BlackElo "2174"]
[PlyCount "66"]
[EventDate "2012.03.31"]
[EventType "team-k.o."]
[EventRounds "6"]
[EventCountry "FIN"]
[SourceTitle "EXT 2022"]
[Source "ChessBase"]
[SourceDate "2021.10.06"]
[SourceVersion "1"]
[SourceVersionDate "2021.10.06"]
[SourceQuality "1"]
[WhiteTeam "Salo SK"]
[BlackTeam "Velhot"]
[WhiteTeamCountry "FIN"]
[BlackTeamCountry "FIN"]

1. e4 c5 2. c3 d5 3. exd5 Qxd5 4. d4 Nf6 5. Nf3 e6 6. Bd3 Be7 7. 0-0 cxd4 8. cxd4 Nc6 9. Nc3 Qd6 10. Qe2 0-0 11. Bg5 Nb4 12. Bc4 b6 13. Rad1 Bb7 14. Ne5 Rad8 15. Bf4 Nbd5 16. Bg3 Nxc3 17. bxc3 Ne4 18. Bd3 Qd5 19. Bxe4 Qxe4 20. Qxe4 Bxe4 21. Rfe1 Bb7 22. f3 Rc8 23. Rc1 Rfd8 24. Bf2 Ba6 25. Be3 Ba3 26. Rc2 f6 27. Ng4 Bd3 28. Rd2 Rxc3 29. Bf2 Bb4 30. Rb2 a5 31. h4 h5 32. Ne3 Kf7 33. Nd1 Rc1 0-1

[Event "Naantali op"]
[Site "Naantali"]
[Date "2012.07.05"]
[Round "6"]
[White "Pelto, Juho"]
[Black "Valkonen, Jouni"]
[Result "1-0"]
[WhiteElo "2042"]
[BlackElo "1627"]
[PlyCount "45"]
[EventDate "2012.07.02"]
[EventType "swiss"]
[EventRounds "9"]
[EventCountry "FIN"]
[SourceTitle "CBM 149 Extra"]
[Source "ChessBase"]
[SourceDate "2012.08.24"]
[SourceVersion "1"]
[SourceVersionDate "2012.08.24"]
[SourceQuality "1"]

1. e4 c5 2. c3 g6 3. d4 cxd4 4. cxd4 Bg7 5. Nc3 Nc6 6. Nf3 Qb6 7. Be3 Qxb2 8. Nd5 Rb8 9. Bc4 e6 10. Rb1 Qa3 11. Nc7+ Kf8 12. Nb5 Qa5+ 13. Bd2 Qd8 14. d5 Na5 15. Be2 a6 16. Nd6 b5 17. 0-0 Nb7 18. Bb4 Ne7 19. dxe6 fxe6 20. Qd2 Nxd6 21. Bxd6 Rb6 22. Qf4+ Ke8 23. Bc7 1-0

[Event "Helsinki-ch 2012 HSL 75 Group Ch"]
[Site "Helsinki"]
[Date "2012.??.??"]
[Round "6"]
[White "Pelto, Juho"]
[Black "Mustonen, Ilkka"]
[Result "1-0"]
[WhiteElo "2036"]
[BlackElo "2030"]
[PlyCount "89"]
[EventDate "2012.??.??"]
[EventType "swiss"]
[EventRounds "11"]
[EventCountry "FIN"]
[SourceTitle "EXT 2022"]
[Source "ChessBase"]
[SourceDate "2021.10.06"]
[SourceVersion "1"]
[SourceVersionDate "2021.10.06"]
[SourceQuality "1"]

1. e4 c5 2. c3 d5 3. exd5 Qxd5 4. d4 g6 5. Nf3 Bg7 6. dxc5 Qxd1+ 7. Kxd1 Na6 8. Bb5+ Bd7 9. Bxd7+ Kxd7 10. Be3 Rc8 11. Bd4 f6 12. b4 Nh6 13. Nbd2 e5 14. Be3 Ng4 15. Ke2 f5 16. Nc4 Nxe3 17. fxe3 e4 18. Rad1+ Ke7 19. Nd4 Nc7 20. Nd6 Rcf8 21. Nxb7 Bxd4 22. Rxd4 Nb5 23. Rc1 Nxd4+ 24. cxd4 Ke6 25. c6 f4 26. Nc5+ Kd5 27. Nd7 f3+ 28. gxf3 Rxf3 29. Rc5+ Kd6 30. Ne5 Rf6 31. Nc4+ Kc7 32. d5 Rhf8 33. Kd2 Rd8 34. Kc3 g5 35. Kd4 g4 36. Ke5 Rg6 37. d6+ Rdxd6 38. Nxd6 Rxd6 39. b5 Rd2 40. Rd5 Rxh2 41. Rd7+ Kc8 42. Rxa7 Rh5+ 43. Kd6 Rh6+ 44. Kc5 Rh5+ 45. Kb6 1-0

[Event "Helsinki-ch 2012 HSL 75 Group Ch"]
[Site "Helsinki"]
[Date "2012.??.??"]
[Round "9"]
[White "Torkkola, Henri"]
[Black "Pelto, Juho"]
[Result "1-0"]
[WhiteElo "2045"]
[BlackElo "2036"]
[PlyCount "51"]
[EventDate "2012.??.??"]
[EventType "swiss"]
[EventRounds "11"]
[EventCountry "FIN"]
[SourceTitle "EXT 2022"]
[Source "ChessBase"]
[SourceDate "2021.10.06"]
[SourceVersion "1"]
[SourceVersionDate "2021.10.06"]
[SourceQuality "1"]

1. d4 d5 2. c4 e6 3. Nf3 c5 4. cxd5 exd5 5. Nc3 Nc6 6. dxc5 d4 7. Na4 Bxc5 8. Nxc5 Qa5+ 9. Qd2 Qxc5 10. a3 a5 11. b4 Qb6 12. Qg5 Nge7 13. b5 h6 14. Qxg7 Rg8 15. Qxh6 Qxb5 16. Qd2 Be6 17. Qb2 Qc4 18. Bd2 Qb3 19. Rb1 Qxb2 20. Rxb2 0-0-0 21. g3 Nd5 22. Bg2 f6 23. 0-0 Kb8 24. Rc1 Rc8 25. Rxc6 Rxc6 26. Nxd4 1-0

[Event "FIN Team Cup"]
[Site "Finland"]
[Date "2011.08.20"]
[Round "3.6"]
[White "Pelto, Juho"]
[Black "Kosmo, Santul"]
[Result "0-1"]
[WhiteElo "2047"]
[BlackElo "2220"]
[PlyCount "70"]
[EventDate "2011.03.26"]
[EventType "team-k.o."]
[EventRounds "5"]
[EventCountry "FIN"]
[SourceTitle "EXT 2022"]
[Source "ChessBase"]
[SourceDate "2021.10.06"]
[SourceVersion "1"]
[SourceVersionDate "2021.10.06"]
[SourceQuality "1"]
[WhiteTeam "Salo SK"]
[BlackTeam "Velhot"]
[WhiteTeamCountry "FIN"]
[BlackTeamCountry "FIN"]

1. e4 e6 2. d4 d5 3. Nd2 c5 4. Ngf3 Nf6 5. exd5 Nxd5 6. Ne4 cxd4 7. Nxd4 Be7 8. Be2 0-0 9. 0-0 e5 10. Nf3 Nc6 11. c4 Ndb4 12. Be3 Qxd1 13. Rfxd1 Nc2 14. Rac1 Nxe3 15. fxe3 Be6 16. a3 Rfd8 17. b4 f5 18. Nc3 e4 19. Nd4 Nxd4 20. exd4 Bg5 21. Rc2 Rxd4 22. Rxd4 Be3+ 23. Kf1 Bxd4 24. Nd5 Be5 25. g3 Kf7 26. Ne3 g5 27. c5 f4 28. Nc4 Kf6 29. Nxe5 Kxe5 30. b5 Rc8 31. c6 bxc6 32. bxc6 Bd5 33. Bb5 Kd6 34. Rd2 Kc5 35. Ba4 Bxc6 0-1